000 00900nam a22002777a 4500
001 BR9704577
003 BR-BrBNA
005 20230928095736.0
007 ta
008 230509b bl.||||| |||| 00| 0 por d
040 _aBR-BrBNA
_bpor
_cBiblioteca Nacional de Agricultura
041 _a(Por)
072 _aF30
_b0120
090 _ 0120 BR9704577
100 1 _aTakeda, C.
110 1 _aEscola Superior de Agricultura Luiz de Queiroz, Piracicaba, SP (Brasil)
_0Tese (Doutor em Agronomia)
245 1 _aEstimativas dos efeitos da selecao recorrente intra e interpopulacional em linhagens de milho (Zea mays L.)
260 3 _aPiracicaba, SP (Brzil):
_c1997.
300 _a133 p.
500 _aBibliography p. 68-75; 9 illus.; 63 tables; Summaries (Eng, Por)
650 _aMilho
650 _aSelecao Genetica
650 _aLinhagem
909 _a202309
_bLucia
_c55
_dLucia Elande
942 _cBK
999 _c58399
_d58399